00179nam a2200073Ia 4500008004100000100001800041245002700059260001900086170617s9999 xx 000 0 und d aKeshari/Gupta 0aDictionary of Pharmacy bOrient Longman